| 000 | 00710nam a2200217 a 4500 | ||
|---|---|---|---|
| 001 | 000017811 | ||
| 005 | 20240412074248.0 | ||
| 008 | 100406s1944 dr 000 0 spa d | ||
| 040 |
_aDO-SdBNP _bspa _cBNPHU |
||
| 082 |
_aRD868.3 _bD353p |
||
| 100 | 1 |
_aDeligne, Gastón F. _938707 |
|
| 245 | 1 | 0 |
_aPáginas olvidadas / _cGastón F. Deligne. |
| 260 |
_aCiudad Trujillo : _bEditora Montalvo, _c1944. |
||
| 300 |
_a307 p. ; _c25 cm. |
||
| 490 | 0 | _aColección E. Rodríguez Demorizi | |
| 500 | _aIncluye notas al pie de las páginas | ||
| 500 | _aCentenario de la República Dominicana 1844-1944 | ||
| 650 | 0 |
_aLiteratura dominicana. _967 |
|
| 830 | 0 |
_aColección E. Rodríguez Demorizi _938708 |
|
| 049 | _aBNPD | ||
| 999 |
_c17336 _d17336 |
||